Artemis Fowl. The lost colony. (Record no. 110679)
[ view plain ]
| 000 -LEADER | |
|---|---|
| fixed length control field | 00705nam a2200169 a 4500 |
| 005 - DATE AND TIME OF LATEST TRANSACTION | |
| control field | 20140414131901.0 |
| 008 - FIXED-LENGTH DATA ELEMENTS--GENERAL INFORMATION | |
| fixed length control field | 100918s19uu xx 00 eng d |
| 050 ## - LIBRARY OF CONGRESS CALL NUMBER | |
| Classification number | FIC |
| Item number | C67 2006 |
| 100 ## - MAIN ENTRY--PERSONAL NAME | |
| Personal name | Colfer, Eoin. |
| 245 ## - TITLE STATEMENT | |
| Title | Artemis Fowl. The lost colony. |
| 260 ## - PUBLICATION, DISTRIBUTION, ETC. (IMPRINT) | |
| Place of publication, distribution, etc | New York : |
| Name of publisher, distributor, etc | Scholastic , |
| Date of publication, distribution, etc | 2006. |
| 520 ## - SUMMARY, ETC. | |
| Summary, etc | When demons begin appearing on Earth unpredictably, foreshadowing a cataclysmic breakdown of their magic, Artemis and his friends face a new foe--a twelve-year-old girl whose intellect just might match Artemis�s own--as they try to prevent catastrophe. |
| 650 ## - SUBJECT ADDED ENTRY--TOPICAL TERM | |
| Topical term or geographic name as entry element | Fairies |
| General subdivision | Fiction. |
| 650 ## - SUBJECT ADDED ENTRY--TOPICAL TERM | |
| Topical term or geographic name as entry element | Kidnapping |
| General subdivision | Fiction. |
| 650 ## - SUBJECT ADDED ENTRY--TOPICAL TERM | |
| Topical term or geographic name as entry element | Mothers and sons |
| General subdivision | Fiction. |
| Withdrawn status | Lost status | Source of classification or shelving scheme | Damaged status | Home library | Current library | Shelving location | Date acquired | Source of acquisition | Total Checkouts | Full call number | Barcode | Date last seen | Price effective from | Koha item type |
|---|---|---|---|---|---|---|---|---|---|---|---|---|---|---|
| Library of Congress Classification | Munich Library | Munich Library | Teachers Reference Section | 09/18/2010 | Donation | TR C67 2006 | M1145 | 04/14/2014 | 04/14/2014 | Books |